[Event "Herzliya"]
[Site "Herzliya"]
[Date "1998.09.10"]
[Round "5"]
[White "Wells, Peter K"]
[Black "Bykhovsky, Avigdor"]
[Result "1-0"]
[WhiteElo "2515"]
[BlackElo "2455"]
[Annotator "Wells,P"]
[PlyCount "59"]
[EventDate "1998.09.??"]
[EventType "tourn"]
[EventRounds "11"]
[EventCountry "ISR"]
[EventCategory "10"]
[SourceTitle "EXT 1999"]
[Source "ChessBase"]
[SourceDate "1998.11.16"]
[SourceVersion "1"]
[SourceVersionDate "1998.11.16"]
[SourceQuality "1"]

1. Nf3 d5 2. c4 c6 3. d4 dxc4 4. e3 Be6 $5 {Very much a phenomenen of the last
few years, this rather inelegant move is proving surprisingly difficult to
refute. Igor Rausis is its regular champion, with Sadler, Huebner and Lalic
helping to give it the stamp of respectability. Black defends c4, and can
still play ...b5, ...c5 or simply develop the king-side with ...g6 and ...Bg7
according to circumstance.} 5. a4 {I decided that the solid plan of preventing
...b5 and capturing on c4 was the best route to a risk free edge. I have to
say that in the post-mortem Bykhovsky seemed quite impressed, but I think
black has enough resources. Others:} (5. Ng5 $4 Qa5+ {Farago,I (2515)
-Bliumberg,V (2360) Budapest FS06 GM 1994 (4) 0-1 is apparently not the way!})
(5. Nc3 b5 6. a4 (6. Ng5 $5) 6... b4 7. Ne4 Nf6 $1 8. Ned2 c3 9. bxc3 bxc3 10.
Nc4 {Gurevich,M (2585)-Rausis,I (2470) Haarlem op 1997 (4) 1-0} g6 $5 11. Qc2
Bg7 12. Qxc3 c5 $132 {M.Gurevich, looks to me quite promising for black.}) (5.
Qc2 $5) (5. Nbd2 b5 6. a4 Qa5 $5 7. Ng5 Bd7 8. Qf3 Nf6 9. e4 Bg4 10. Qf4 (10.
Qg3 $5 Bh5 11. e5 $5 $132 Nd5 $140 12. Qh3 {Wells}) 10... Bh5 11. Be2 h6 12.
Ngf3 Nbd7 13. O-O g5 14. Qg3 Bg6 15. Ne5 Nxe5 16. Qxe5 Qb6 17. axb5 cxb5 18. b3
Bg7 19. bxc4 O-O $15 {[%csl Re5][%cal Yg7a1,Yg6e4] 0-1 Buckley,G-Stefanova,A/
Benasque op 1997/EXT 98/. The whole thing was of course a huge mess, but looks
to me rather loose for white.}) 5... Nf6 6. Na3 c5 {The most popular move, but
I think black should seriously consider} (6... Bf5 $5 7. Nxc4 e6 8. Be2 Be7 9.
O-O O-O 10. a5 (10. b3 $5) 10... c5 11. b3 Nc6 12. Bb2 Qc7 13. dxc5 Bxc5 14.
Ra4 Rfd8 15. Qa1 Qe7 16. Nce5 Nb4 17. Nd4 Be4 18. Bf3 Rac8 19. h3 Bxd4 20. Bxd4
Nc2 21. Qb2 Nxd4 22. Bxe4 Nxe4 23. Rxd4 Nc3 {1/2-1/2 Irzhanov,R-Sadler,M/
Lucerne 1997/CBM 62 (23)}) (6... g6 $5) 7. Nxc4 Nc6 8. Nce5 $1 {White has to
play actively, otherwise black would have simple enough development with
either ...Bd5 and ...e6 etc., or simply with ...g6 and ...Bg7.} Nxe5 $6 {
Played after a long thought. In conjunction with his next move black wants to
solve his problems on the a4-e8 diagonal, but this proves to be far from
simple.} (8... cxd4 $6 {was played in the early games with the line, but also
fails to impress.} 9. Bb5 $1 dxe3 10. Qxd8+ $1 {[%csl Ra7] To drag black's
rook from the defence of a7.} Rxd8 11. Bxe3 Bd7 12. Nxd7 Nxd7 13. Rc1 e6 14.
Bxc6 bxc6 15. Rxc6 Bb4+ 16. Ke2 O-O 17. Bxa7 Ra8 18. Rc4 $1 Rxa7 19. Rxb4 Nf6
20. Rc1 $16 {Flear,G - Rausis,I/ FRA ch-T, 1998. 1/2-1/2 [52] In the
post-mortem, we became convinced that}) (8... Bd5 $1 {is the best move. This
passed a practical test viz:}) (8... Bd5 9. Bd3 (9. Nxc6 Bxc6 10. Ne5 (10. Be2
$5 cxd4 11. Nxd4 Bxg2 $1 12. Bb5+ Nd7 13. Rg1 Be4 14. Ne6 $1 fxe6 15. Qh5+ g6
16. Qe5 a6 $1 17. Bxd7+ Qxd7 18. Qxh8 Rd8 19. Qd4 Qxd4 20. exd4 Rxd4 $132)
10... cxd4 11. Nxc6 bxc6 12. Qxd4 Qxd4 13. exd4 e6 {looks about equal.}) 9...
cxd4 10. exd4 e6 11. O-O Be7 12. Nxc6 bxc6 {[%csl Yd5][%cal Yd5b3,Yd5f3]} 13.
Ne5 O-O 14. Be3 Qb6 {[%csl Rb2,Rb3]} 15. Qc2 Rab8 16. a5 Qb7 17. Rfc1 Rfc8 18.
Qe2 $5 Qxb2 19. Qxb2 Rxb2 20. Ba6 Rd8 (20... Rc7 $6 21. Rab1 {[%csl Rc7]}) 21.
Nxc6 Bxc6 22. Rxc6 Nd5 $15 {in Nilssen,J-Lalic,B/Elista 1998/CBM 66 ext.}) 9.
Nxe5 a6 10. a5 $1 {[%cal Ya4e8]} cxd4 11. exd4 Qd5 (11... Bd5 12. Qa4+ Nd7 13.
Bc4 $5 Bxc4 14. Nxc4 {[%csl Yb6][%cal Yc4b6]} Rc8 15. O-O $32 e6 $140 16. d5 $1
$16) (11... g6 12. Qa4+ Nd7 13. Bc4 $5 $16) 12. Be2 $1 Qb3 13. O-O Qxd1 14.
Bxd1 Bd5 15. Ba4+ $16 {[%csl Ye5][%cal Ya4e8,Yc1c7]} Kd8 {[%csl Rd8] White's
position is virtually winning. Black has a vulnerable king, and huge problems
with development since the threat to f7 rules out the simple ...e7-e6.} 16. Be3
{For some reason I started to see imaginary difficulties here. For instance I
rejected} (16. Bf4 $1 g5 {but after} 17. Be3 {black has simply one more
weakness to worry about.}) 16... Ne8 $1 {The only way to both further
development and hold up a c-file disaster.} 17. Rac1 (17. Nd7 $5 {[%cal Yd7b6]}
) 17... Nd6 18. Rc5 $6 {This however is definitely innacurate. White starts to
endanger a large part of his advantage. Much stronger was} (18. Nd7 $1 Nc4 (
18... Rc8 19. Nb6 Rxc1 20. Rxc1 Be6 21. d5 Bf5 22. Nc4 Nxc4 23. Rxc4 $16 {
[%cal Ye3b6]}) 19. b3 $5 (19. Bf4 Rc8 20. b3 Nd6 21. Rxc8+ Nxc8 22. Rc1 Nd6 23.
Nb6 Be6 24. d5 Bf5 $14) 19... Nxe3 20. fxe3 Be6 21. Nb6 Rb8 22. d5 $16) 18...
e6 19. Rfc1 f6 20. Nd7 Nb5 $2 {Not an unknown phenomenen. Just as black as
allowed back into the game he blunders. Much stronger was} (20... Nf5 $1 21.
Nxf8 Rxf8 22. Kf1 $14 (22. Rc7 $2 Bc6 $17 {is what I had missed on move 18 -
already sadly feeling the need to speed up the rather lamentable tempo!}) (22.
Bf4 Nxd4 $13)) 21. Rxd5 $1 {[%csl Ra8][%cal Yd7b6][%mdl 64] Bravo - I suddenly
woke up!} exd5 22. Nb6 Rb8 (22... Ra7 23. Rc8+ Ke7 24. Bf4 $18 {[%csl Ra7,Rh8]
[%cal Yf4b8] was no improvement.}) 23. Bxb5 Bd6 (23... axb5 24. Bf4 $18) 24.
Ba4 Rf8 25. Bb3 $138 (25. Nd7 $1 {Yes, I know, 'zeitnot' is a feeble excuse
for this one!}) 25... Rf7 26. Bxd5 Rc7 27. Nc4 $1 Rbc8 28. Be6 Ra8 29. d5 Bc5
30. Nb6 $1 1-0

[Event "Haarlem AKN op 06th"]
[Site "Haarlem"]
[Date "1997.??.??"]
[Round "2"]
[White "Bosboom, Manuel"]
[Black "Khenkin, Igor"]
[Result "1-0"]
[WhiteElo "2410"]
[BlackElo "2575"]
[Annotator "Winants,L"]
[PlyCount "53"]
[EventDate "1997.06.26"]
[EventType "swiss"]
[EventRounds "6"]
[EventCountry "NED"]
[SourceTitle "CBM 061"]
[Source "ChessBase"]
[SourceDate "1997.11.23"]
[SourceVersion "1"]
[SourceVersionDate "1997.11.23"]
[SourceQuality "1"]

1. d4 d5 2. c4 c6 3. Nc3 dxc4 4. Nf3 {Un coup inhabituel mais très intéressant.
Pour le comprendre, il faut réaliser que le gambit slave accepté (3...dxc4)
entraîne non seulement des complications sur le flanc-Dame, mais aussi au
centre de l'échiquier.} ({Ainsi après} 4. e4 {, la suite généralement
recommandée dans les ouvrages théoriques, les Noirs auraient le choix entre
deux possibilités:} {soit} b5 {pour consolider le pion gagné ou déstabiliser
le Cc3 via ...b4,} ({soit} 4... e5 {pour profiter de la colonne -d- et
attaquer le pion d4.})) 4... b5 5. a4 b4 6. Ne4 Qd5 $2 {Une décision étonnante
de la part du grand-maître russe, car conformément aux principes qui régissent
les ouvertures, la sortie de la Dame est ici prématurée.} ({Il valait donc
mieux poursuivre le développement avec} 6... Nf6) 7. Neg5 $1 {[%csl Rc4,Ge5,
Rf7][%cal Ye2e4] La réplique adéquate. Les Blancs menacent а la fois 8.Ne5 et
8.e4 suivi de 9.Bxc4} f6 {Le moindre mal. Supposons:} ({a)} 7... h6 8. e4 Qd6
9. Nxf7 Kxf7 10. Ne5+ Ke8 11. Bxc4 {suivi de 12.Nf7 ou 12.Qh5 avec une attaque
décisive.}) ({b)} 7... Bf5 8. Ne5 Nh6 9. e4 Bxe4 10. Bxc4 {et les Blancs
gagnent.}) 8. e4 Qa5 {[#]} 9. Bxc4 $3 {Une conception remarquable dont l'idée
apparaîtra bientôt.} fxg5 10. Nxg5 {[%csl Gd4,Ge4] Les Blancs n'ont obtenu
qu'un seul pion en échange de la pièce sacrifiée, mais ils disposent aussi de
nombreux atouts stratégiques. D'abord, ils dominent le centre. Ensuite, leur
développement est harmonieux et finalement, les pions noirs sont dispersés. Ce
dernier facteur ne doit pas être pris а la légère. On constate par exemple,
que les Noirs ne parviendront jamais а barricader les diagonales c4-g8 et
f4-b8. Ainsi les Blancs ne sont même pas obligés de se dépêcher car les points
faibles dans le camp ennemi seront encore là dans une demi-douzaine de coups.}
Nh6 ({Une variante instructive serait:} 10... e6 11. Qh5+ g6 12. Qf3 Qc7 13.
Bxe6 Bxe6 14. Qxf8+ $1 Kxf8 15. Nxe6+ Kf7 16. Nxc7 {gagnant encore une Tour.})
11. O-O Ba6 {[#] Espérant provoquer l'échange du Bc4. Mais en vain...} 12. Be6
$3 {Un coup splendide. Bosboom refuse encore de se laisser guider par des
considérations matérielles et poursuit l'attaque des cases blanches.
Maintenant le Bé6 occupe devant le Pé7 un avant-poste idéal. La plupart des
pièces noires sont bloquées sur la huitième rangée et le Ké8 est encerclé.}
Bxf1 13. Qxf1 {[%csl Ra8,Rh8]} Qa6 ({Une variante parmi d'autres:} 13... Nd7
14. Qc4 Qb6 15. Bf4 {menaçant 16.Bc7!! suivi de Bf7 et de Né6} O-O-O (15... Kd8
16. Bh3) 16. d5 {remarquez l'impuissance de la Rh8} c5 17. a5 Qb7 18. Qxc5+ {
et le mat suit.}) 14. Qd1 Nd7 ({Ou encore:} 14... Qb7 15. Bf4 Na6 16. Qh5+ g6
17. Qh3 Bg7 {sinon 18.Bé5} 18. Be5 Bxe5 19. dxe5 {le Ch6 est perdu} Nc5 20. Bc4
{etc.}) 15. Bf4 g6 ({Le grand roque n'aurait pas arrangé grand-chose:} 15...
O-O-O 16. Rc1 Kb7 17. Bc4 Qa5 18. Ne6 Rc8 19. d5 Nb6 (19... c5 20. Bb5) (19...
Nf6 20. dxc6+ Ka8 21. Nc7+ Kb8 22. Be6) 20. Ba6+ $1 Kxa6 21. dxc6 {menaçant 22.
Qd3} Nxa4 22. Qd7 {et gagne}) 16. Rc1 Bg7 {Précipite les événements, mais les
Noirs étaient de toutes façons condamnés.} 17. Bc4 {[%cal Yg5e6]} Qa5 18. Ne6
Kf7 19. Qf3 {[%csl Rf7] le coup de grâce} Qh5 (19... Nf6 20. Bc7 Qh5 21. Nf4+)
(19... Kg8 20. Ng5+ Kf8 21. Bc7+) 20. Bxh6+ Qxf3 21. Nxg7+ e6 22. Bxe6+ Ke7 23.
gxf3 {Les dés sont jetés. Il suivit encore:} Rac8 24. e5 Rc7 25. Bb3 Nb6 26.
Bg5+ Kd7 (26... Kf8 27. Ne6+) 27. Be6# {mat.} 1-0